Loading...
Any History | 11 | 18.18 | 100% | 55% | 27% |
Current Events | 3 | 23.33 | 100% | 67% | 67% |
Fine Arts - Classical Music | 8 | 20.00 | 100% | 75% | 25% |
Fine Arts - Other Fine Arts | 9 | 17.78 | 100% | 67% | 11% |
Geography | 6 | 18.33 | 100% | 83% | 0% |
History - American History | 9 | 14.44 | 100% | 44% | 0% |
History - European History | 6 | 15.00 | 100% | 33% | 17% |
History - World History | 9 | 18.89 | 100% | 89% | 0% |
Literature - American Literature | 8 | 15.00 | 100% | 50% | 0% |
Literature - British Literature | 11 | 12.73 | 100% | 27% | 0% |
Literature - European Literature | 12 | 14.17 | 100% | 25% | 17% |
Literature - World Literature | 7 | 14.29 | 100% | 43% | 0% |
Mythology | 3 | 20.00 | 100% | 67% | 33% |
Other Academic | 1 | 30.00 | 100% | 100% | 100% |
Painting & Sculpture | 9 | 13.33 | 89% | 33% | 11% |
Philosophy | 9 | 15.56 | 100% | 56% | 0% |
Religion | 9 | 13.33 | 100% | 33% | 0% |
Science - Biology | 8 | 22.50 | 100% | 88% | 38% |
Science - Chemistry | 10 | 24.00 | 100% | 100% | 40% |
Science - Other Science | 7 | 10.00 | 86% | 14% | 0% |
Science - Physics | 8 | 16.25 | 100% | 50% | 13% |
Social Science | 10 | 17.00 | 90% | 80% | 0% |